<?xml version="1.0" encoding="UTF-8"?>
<collection xmlns="http://www.loc.gov/MARC21/slim">
 <record>
  <leader>01019cam a2200181 7i4500</leader>
  <controlfield tag="001">0000135123</controlfield>
  <controlfield tag="005">20080214090000.0</controlfield>
  <controlfield tag="002">  0000000186</controlfield>
  <datafield tag="090" ind1="0" ind2="0">
   <subfield code="a">LP 11 FPSS 1 1994 </subfield>
  </datafield>
  <datafield tag="100" ind1="0" ind2="#">
   <subfield code="a">Fariza Ahmad </subfield>
  </datafield>
  <datafield tag="235" ind1="0" ind2="0">
   <subfield code="a">Tinjauan awal kandungan asid lemak dan asid amino di dalam invetebrat kelas Bivalvia, Polychaeta dan Crustacea </subfield>
   <subfield code="c">Fariza Ahmad.</subfield>
  </datafield>
  <datafield tag="245" ind1="0" ind2="0">
   <subfield code="a">Laporan Projek FPSS (Ijazah Bacelor Sains Perikanan)1994.</subfield>
  </datafield>
  <datafield tag="260" ind1="#" ind2="#">
   <subfield code="a">Serdang, Selangor: </subfield>
   <subfield code="b">Universiti Pertanian Malaysia, </subfield>
   <subfield code="c">1994.</subfield>
  </datafield>
  <datafield tag="300" ind1=" " ind2=" ">
   <subfield code="a">x, 42 p.: </subfield>
   <subfield code="b">ill. (some col.); </subfield>
   <subfield code="c">30 cm..</subfield>
  </datafield>
  <datafield tag="502" ind1="#" ind2="#">
   <subfield code="a">Sejumlah 10 spesies inverrtebrat telah digunakan untuk kajian perbandingan kandungan asid lemak dan asid amino dalm kelas invertebrat kelas Bivalvia, Polychaeta dan Crustacea. Spesies-spesies tersebut ialah lokan (Geloina ceylonica), kerang (Anadarranosa), kupang (Perna viridis) dan sperong (Sinovacula virens)...[et al.]</subfield>
  </datafield>
  <datafield tag="602" ind1="#" ind2="#">
   <subfield code="a">Laporan Projek FPSS 1994</subfield>
  </datafield>
  <datafield tag="999" ind1=" " ind2=" ">
   <subfield code="a">1100023767</subfield>
   <subfield code="b">Book</subfield>
   <subfield code="c">Koleksi Arkib</subfield>
   <subfield code="e">BILIK ARKIB</subfield>
  </datafield>
  <datafield tag="999" ind1=" " ind2=" ">
   <subfield code="a">1100023766</subfield>
   <subfield code="b">Book</subfield>
   <subfield code="c">Koleksi Arkib</subfield>
   <subfield code="e">BILIK ARKIB</subfield>
  </datafield>
 </record>
</collection>
